[Event "General Pico Anconetani Memorial 5th"]
[Site "General Pico"]
[Date "2022.08.27"]
[Round "3"]
[White "Anderica, Agustin Antonio"]
[Black "Bos, Diego"]
[Result "1-0"]
[WhiteElo "1615"]
[BlackElo "1394"]
[PlyCount "82"]
[EventDate "2022.08.26"]
[EventType "swiss"]
[EventRounds "7"]
[EventCountry "ARG"]
[SourceTitle "EXT 2023"]
[Source "ChessBase"]
[SourceDate "2022.10.05"]
[SourceVersion "1"]
[SourceVersionDate "2022.10.05"]
[SourceQuality "1"]

1. d4 Nf6 2. c4 e6 3. Nf3 b6 4. g3 Bb7 5. Bg2 Ne4 6. 0-0 f5 7. d5 Be7 8. dxe6 dxe6 9. Qxd8+ Bxd8 10. Nd4 Kf7 11. Nd2 Bf6 12. Nxe4 fxe4 13. Rd1 Na6 14. Bh3 Rhd8 15. Bxe6+ Ke7 16. Bd5 Rxd5 17. cxd5 Bxd5 18. Nf5+ Ke6 19. Ne3 Bc6 20. Ng4 Be7 21. Bd2 Bb5 22. Kf1 Rf8 23. Rac1 c5 24. h4 h6 25. Bc3 h5 26. Ne3 Nb4 27. Bxb4 cxb4 28. Nd5 Bd6 29. Nc7+ Bxc7 30. Rxc7 e3 31. f4 g5 32. Rd4 a5 33. hxg5 Ba4 34. Re4+ Kf5 35. Rxe3 Kg4 36. Rh7 Rd8 37. g6 Bc2 38. Rd3 Bxd3 39. exd3 Rg8 40. g7 Kxg3 41. f5 Rd8 1-0